[Event "Tata Steel-A 79th"]
[Site "Wijk aan Zee"]
[Date "2017.01.28"]
[Round "12"]
[White "Adhiban, Baskaran"]
[Black "Giri, Anish"]
[Result "1/2-1/2"]
[WhiteElo "2653"]
[BlackElo "2773"]
[PlyCount "68"]
[EventDate "2017.01.14"]
[EventType "tourn"]
[EventRounds "13"]
[EventCountry "NED"]
[EventCategory "21"]
[SourceTitle "CBM 177"]
[Source "ChessBase"]
[SourceDate "2017.03.16"]
[SourceVersion "1"]
[SourceVersionDate "2017.03.16"]
[SourceQuality "1"]
[TimeControl "40/6000+30:20/3000+30:900+30"]

1. e4 {[%emt 0:00:00]} e5 {[%emt 0:00:25]} 2. Bc4 {[%emt 0:00:00]} Nf6 {
[%emt 0:00:59]} 3. d3 {[%emt 0:00:00]} Nc6 {[%emt 0:00:36]} 4. Nc3 {[%emt 0:00:
00]} Bb4 {[%emt 0:00:03]} 5. Nge2 {[%emt 0:00:13]} d5 {[%emt 0:00:05]} 6. exd5
{[%emt 0:00:34]} Nxd5 {[%emt 0:00:04]} 7. O-O {[%emt 0:00:36]} Be6 {[%emt 0:00:
04]} 8. Bxd5 {[%emt 0:08:06]} Bxd5 {[%emt 0:00:08]} 9. f4 {[%emt 0:00:02]} f6 {
[%emt 0:00:06]} (9... Bxc3 10. Nxc3 O-O 11. f5 f6 12. Qg4 Nd4 13. Rf2 c5 14.
Be3 b6 15. Re1 Rc8 16. Bc1 c4 17. Re3 Ba8 18. Rh3 Rf7 19. Qh5 h6 20. dxc4 Rd7
21. Rg3 Rxc4 22. Bxh6 b5 23. Rd2 Rcc7 24. Nxb5 Rxc2 25. Rxc2 Nxc2 26. h3 Ne1
27. Nd6 Qb6+ 28. Kh2 Qxd6 29. Qe8+ Kh7 30. Qg6+ Kg8 31. Qe8+ Kh7 32. Qxa8 Nd3
33. Be3 Nf4 34. Rg4 g5 35. fxg6+ Nxg6 36. Qe4 Qd3 37. Qf3 f5 38. Rg3 Nf4 39.
Bxf4 {Hamdouchi,H (2592)-Ipatov,A (2512) Salou 2011 1-0}) 10. fxe5 {[%emt 0:02:
42]} Nxe5 {[%emt 0:00:42]} 11. Nxd5 {[%emt 0:02:00]} Qxd5 {[%emt 0:00:10]} 12.
c3 {[%emt 0:05:09]} Bd6 {[%emt 0:13:31]} 13. Nf4 {[%emt 0:01:31]} Qf7 {[%emt 0:
00:18]} 14. d4 {[%emt 0:08:19]} O-O-O {[%emt 0:09:29]} 15. Qa4 {[%emt 0:11:58]}
a6 {[%emt 0:06:52]} 16. Qb3 {[%emt 0:24:14]} Qxb3 {[%emt 0:10:09]} 17. axb3 {
[%emt 0:00:02]} Ng6 {[%emt 0:00:08]} 18. Nxg6 {[%emt 0:07:26]} hxg6 {[%emt 0:
00:18]} 19. Bf4 {[%emt 0:00:01]} Bxf4 {[%emt 0:05:40]} 20. Rxf4 {[%emt 0:00:01]
} Rde8 {[%emt 0:00:06]} 21. h3 {[%emt 0:03:10]} g5 {[%emt 0:01:15]} 22. Rf5 {
[%emt 0:05:44]} Re2 {[%emt 0:00:38]} 23. Rf2 {[%emt 0:00:24]} Rhe8 {[%emt 0:03:
30]} 24. Raf1 {[%emt 0:02:10]} Kd7 {[%emt 0:07:26]} 25. Rxe2 {[%emt 0:02:55]}
Rxe2 {[%emt 0:00:05]} 26. Rf2 {[%emt 0:00:07]} Re1+ {[%emt 0:01:41]} 27. Rf1 {
[%emt 0:00:07]} Re2 {[%emt 0:18:35]} 28. Rf2 {[%emt 0:00:05]} Re1+ {[%emt 0:00:
02]} 29. Rf1 {[%emt 0:00:06]} Rxf1+ {[%emt 0:06:46]} 30. Kxf1 {[%emt 0:00:05]}
Ke6 {[%emt 0:00:47]} 31. Ke2 {[%emt 0:00:04]} Kf5 {[%emt 0:01:03]} 32. Kf3 {
[%emt 0:04:27]} a5 {[%emt 0:00:20]} 33. c4 {[%emt 0:04:52]} b6 {[%emt 0:03:38]}
34. Ke3 {[%emt 0:01:55]} Ke6 {[%emt 0:03:20]} 1/2-1/2

[Event "Tata Steel-A 79th"]
[Site "Wijk aan Zee"]
[Date "2017.01.29"]
[Round "13"]
[White "Giri, Anish"]
[Black "Eljanov, Pavel"]
[Result "1/2-1/2"]
[WhiteElo "2773"]
[BlackElo "2755"]
[PlyCount "126"]
[EventDate "2017.01.14"]
[EventType "tourn"]
[EventRounds "13"]
[EventCountry "NED"]
[EventCategory "21"]
[SourceTitle "CBM 177"]
[Source "ChessBase"]
[SourceDate "2017.03.16"]
[SourceVersion "1"]
[SourceVersionDate "2017.03.16"]
[SourceQuality "1"]
[TimeControl "40/6000+30:20/3000+30:900+30"]

1. d4 {[%emt 0:00:00]} Nf6 {[%emt 0:00:09]} 2. c4 {[%emt 0:00:00]} e6 {[%emt 0:
00:06]} 3. Nf3 {[%emt 0:00:00]} b6 {[%emt 0:00:19]} 4. g3 {[%emt 0:00:00]} Bb7
{[%emt 0:00:07]} 5. Bg2 {[%emt 0:00:00]} Be7 {[%emt 0:00:04]} 6. O-O {[%emt 0:
00:13]} O-O {[%emt 0:00:05]} 7. Nc3 {[%emt 0:00:02]} Ne4 {[%emt 0:00:07]} 8.
Qc2 {[%emt 0:00:05]} Nxc3 {[%emt 0:00:19]} 9. Qxc3 {[%emt 0:00:04]} d6 {
[%emt 0:01:20]} 10. b3 {[%emt 0:11:25]} Nd7 {[%emt 0:01:36]} 11. Bb2 {[%emt 0:
00:12]} Be4 {[%emt 0:03:57]} (11... a5 12. Rad1 Qe8 13. Qc2 Nf6 14. Ne1 Bxg2
15. Nxg2 a4 16. e4 b5 17. e5 axb3 18. axb3 dxe5 19. dxe5 Nd7 20. Nf4 Nb6 21.
cxb5 Qxb5 22. Qxc7 Bg5 23. Bd4 Bxf4 24. Qxb6 Qxb6 25. Bxb6 Bxe5 26. Bc5 Rfb8
27. b4 h5 28. Rd7 Rb5 29. Rc1 Ra3 30. Rc4 Rb8 31. Kg2 Rb3 32. Rh4 g6 33. Re4
Bf6 34. h4 Rd8 35. Rb7 Rd5 36. Rc7 g5 37. hxg5 Rxg5 38. Rf4 Kg7 39. Rf3 Rb1 40.
Bf8+ Kg6 41. Be7 {Batchuluun,T (2523)-Matlakov,M (2692) St Petersburg 2014 1/
2-1/2}) 12. Bh3 {[%emt 0:08:43]} Bf6 {[%emt 0:12:18]} 13. Rad1 $146 {[%emt 0:
03:23]} (13. Nd2 Bb7 14. Qd3 e5 15. Qf5 Bc8 16. Qf3 Rb8 17. Ne4 Re8 18. Nxf6+
Qxf6 19. Qxf6 Nxf6 20. Bxc8 Rbxc8 21. dxe5 dxe5 22. Rfd1 Ne4 23. Rd5 f6 24.
Rad1 a5 25. e3 c6 26. Rd7 Nc5 27. R7d2 Ne4 28. Rd7 Nc5 29. R7d2 {1/2-1/2 (29)
Ashwin,J (2465)-Arun Prasad,S (2491) Rockville 2016}) 13... Qe7 {[%emt 0:06:28]
} 14. Rd2 {[%emt 0:16:43]} a5 {[%emt 0:09:31]} 15. Qe3 {[%emt 0:01:43]} Bb7 {
[%emt 0:02:09]} 16. d5 {[%emt 0:02:08]} Bxb2 {[%emt 0:02:42]} 17. dxe6 {
[%emt 0:05:49]} Bf6 {[%emt 0:27:42]} 18. exd7 {[%emt 0:01:02]} Qxe3 {[%emt 0:
00:04]} 19. fxe3 {[%emt 0:00:03]} Rad8 {[%emt 0:01:15]} 20. Nd4 {[%emt 0:05:01]
} Bxd4 {[%emt 0:00:05]} 21. exd4 {[%emt 0:17:29]} Bc6 {[%emt 0:00:17]} 22. c5 {
[%emt 0:00:06]} Bxd7 {[%emt 0:00:08]} 23. Bxd7 {[%emt 0:00:17]} Rxd7 {[%emt 0:
00:04]} 24. cxb6 {[%emt 0:00:02]} cxb6 {[%emt 0:00:06]} 25. Rc1 {[%emt 0:00:04]
} d5 {[%emt 0:00:12]} 26. Rc6 {[%emt 0:04:49]} Rb8 {[%emt 0:00:12]} 27. Rdc2 {
[%emt 0:00:04]} Kf8 {[%emt 0:00:08]} 28. Kf2 {[%emt 0:10:19]} Ke7 {[%emt 0:07:
55]} 29. Kf3 {[%emt 0:00:54]} Rd6 {[%emt 0:04:55]} 30. Rc7+ {[%emt 0:00:25]}
Ke6 {[%emt 0:03:48]} 31. a3 {[%emt 0:03:48]} Rbd8 {[%emt 0:08:23]} 32. Kf4 {
[%emt 0:04:36]} Kf6 {[%emt 0:06:21]} 33. R2c6 {[%emt 0:03:09]} g5+ {[%emt 0:02:
17]} 34. Kf3 {[%emt 0:00:45]} h5 {[%emt 0:00:13]} 35. b4 {[%emt 0:00:11]} axb4
{[%emt 0:03:29]} 36. axb4 {[%emt 0:00:02]} Rxc6 {[%emt 0:04:28]} 37. Rxc6+ {
[%emt 0:00:04]} Kf5 {[%emt 0:00:03]} 38. Rxb6 {[%emt 0:10:16]} Ra8 {[%emt 0:00:
08]} 39. Rd6 {[%emt 0:00:59]} Ra3+ {[%emt 0:00:05]} 40. Kf2 {[%emt 0:00:00]}
Ke4 {[%emt 0:00:39]} 41. Rf6 {[%emt 0:06:10]} Rb3 {[%emt 0:17:04]} 42. h4 {
[%emt 0:15:49]} Kxd4 {[%emt 0:03:46]} 43. hxg5 {[%emt 0:01:54]} Rxb4 {[%emt 0:
00:35]} 44. Rxf7 {[%emt 0:10:17]} Ke5 {[%emt 0:00:42]} 45. Rh7 {[%emt 0:03:30]}
Kf5 {[%emt 0:00:36]} 46. Rxh5 {[%emt 0:00:07]} Kg6 {[%emt 0:00:29]} 47. Rh4 {
[%emt 0:06:45]} d4 {[%emt 0:07:07]} 48. Kf3 {[%emt 0:04:43]} Rb3+ {[%emt 0:02:
36]} 49. Kf2 {[%emt 0:03:38]} Rb4 {[%emt 0:02:47]} 50. Re4 {[%emt 0:02:48]} Kf5
{[%emt 0:00:15]} 51. Rf4+ {[%emt 0:01:36]} Kxg5 {[%emt 0:00:06]} 52. Ke1 {
[%emt 0:00:07]} Rb1+ {[%emt 0:03:41]} 53. Kd2 {[%emt 0:00:06]} Rg1 {[%emt 0:00:
40]} 54. Rf3 {[%emt 0:01:20]} Kg4 {[%emt 0:00:06]} 55. Rf4+ {[%emt 0:01:52]}
Kg5 {[%emt 0:00:03]} 56. Rxd4 {[%emt 0:00:36]} Rxg3 {[%emt 0:00:05]} 57. Rd3 {
[%emt 0:00:03]} Rg4 {[%emt 0:00:36]} 58. Rf3 {[%emt 0:00:03]} Ra4 {[%emt 0:00:
26]} 59. Rf8 {[%emt 0:01:24]} Kg6 {[%emt 0:04:26]} 60. Ke3 {[%emt 0:00:00]}
Ra3+ {[%emt 0:00:25]} 61. Kf4 {[%emt 0:00:42]} Ra6 {[%emt 0:00:50]} 62. Rf5 {
[%emt 0:00:30]} Re6 {[%emt 0:00:53]} 63. e4 {[%emt 0:00:04]} Rf6 {[%emt 0:00:
08]} 1/2-1/2

[Event "Moscow FIDE GP"]
[Site "Moscow"]
[Date "2017.05.19"]
[Round "7"]
[White "Giri, Anish"]
[Black "Salem, AR Saleh"]
[Result "1-0"]
[WhiteElo "2785"]
[BlackElo "2633"]
[Annotator "Yermolinsky,A"]
[PlyCount "131"]
[EventDate "2017.05.12"]
[EventType "swiss"]
[EventRounds "9"]
[EventCountry "RUS"]
[SourceTitle "CBM 179"]
[Source "ChessBase"]
[SourceDate "2017.07.12"]
[SourceVersion "1"]
[SourceVersionDate "2017.07.12"]
[SourceQuality "1"]

1. e4 c6 2. d4 d5 3. e5 Bf5 4. Nd2 e6 5. Nb3 {In this line White goes after
the f8-bishop.} c5 {The question is, can Black find a different plan?} ({
The answer is, yes.} 5... Nd7 6. Nf3 Qc7 7. Be2 f6 $5 (7... c5 8. dxc5 Bxc5 9.
Nxc5 Qxc5 {Rublevsky-Bologan, 2012, is essentually the same thing as in the
game.}) 8. O-O fxe5 9. dxe5 O-O-O {has been tried by two American GMs,
Lenderman and his coach, Kacheishvili.}) 6. dxc5 Bxc5 7. Nxc5 Qa5+ 8. c3 Qxc5
9. Be3 Qc7 10. f4 Ne7 11. Be2 O-O 12. Nf3 Nbc6 13. O-O $14 Na5 $6 {This isn't
going to accomplish anything.} ({Black must seeks exchanges, so} 13... Be4 14.
Nd2 Bg6 15. Nb3 Na5 {Rublevsky-Dreev, 2012, appears more logical.}) 14. Bf2 a6
15. Rc1 Rac8 16. b3 $1 Nac6 17. Qd2 Rfd8 18. b4 $1 Be4 19. a4 {Black is devoid
of a meaningful plan, and clearly stands worse.} Nf5 20. g4 Nfe7 21. Ng5 Bg6
22. Bc5 Rd7 23. Nf3 ({A more accurate way is} 23. Qe3 h6 24. Nf3 $16 Be4 25.
Nd2 Bh7 26. Nb3) 23... Na5 $6 {Salem is seeking counterplay, but Giri has a
direct response.} (23... Be4 24. Ng5 Bg6 25. Qe3) 24. Nd4 $1 Nc4 25. Bxc4 dxc4
26. Bxe7 Rxe7 27. f5 exf5 28. gxf5 Bh5 29. Qg5 g6 {[#]} 30. e6 $2 (30. f6 Qxe5
31. Nf5 $1 Re6 32. Rce1 Be2 33. Rf2 {is just curtains.}) 30... f6 $1 {Salem
fights like a lion.} 31. Qxf6 Rg7 32. Rc2 Bg4 $1 33. Qh4 $6 ({Giri was a bit
low on time, and couldn't quite see the end of the following line,} 33. Re1
Bxf5 34. e7 Qd7 $1 (34... Re8 35. Nxf5 gxf5+ 36. Rg2 Rxg2+ 37. Kxg2 Qc6+ 38.
Qxc6 bxc6 39. Kf3 Kf7 40. Kf4 {is easy.}) 35. Nxf5 gxf5+ 36. Rg2 Rxg2+ 37. Kxg2
Qd2+ 38. Kf1 Qf4+ 39. Ke2 Qxh2+ 40. Kd1 Re8 41. Qd4 {The white king has
escaped, but its black counterpart won't.}) 33... Bxf5 34. Rg2 Re8 35. Re1 a5
$1 {A remarkable move.} 36. bxa5 (36. b5 Qc5 {and how does White make progress.
}) 36... Qxa5 37. Nxf5 $6 Qxf5 38. Qxc4 Rge7 39. Rf2 Qa5 $6 {Just before the
time control Salem spoils his great defensive effort.} ({The correct} 39...
Qg5+ 40. Kh1 Rd8 {would ensure Black gets to trade queens on d5, with a draw
in sight.}) 40. Rf7 $1 Qb6+ 41. Kg2 Qc6+ {A tough choice. The queens come off,
but now White has a passed a-pawn.} 42. Qxc6 bxc6 43. Rxe7 Rxe7 {It's not the
first time in this tournament a winning position transformed into a borderline
drawn rook endgame. Anish Giri makes sure it's not the case here.} 44. Kf3 Kf8
45. a5 Ra7 46. Re5 Ke7 47. Ke4 Rb7 {Played by the book: rook activity above
everything else.} ({Truth to tell, a passive defence wouldn't cut it. After} 
47... Ra8 48. Kd4 Ra6 (48... h6 49. Kc4 g5 50. Kb4 Ra7 51. Re3 h5 52. c4 Ra8
53. Re1 $1 (53. Re5 Kf6) 53... Ra7 54. Re5 $18) 49. Kc4 Ra8 50. Kb4 Ra6 51. Re3
Ra7 52. c4 {Black finds himself in zugzwang, and must weaken his kingside
defences.} Ra8 (52... h6 53. Rg3 Kf6 54. e7 $1) 53. Rh3 Kxe6 54. Rxh7 Kd6 55.
c5+ Ke6 56. Rg7 Rb8+ 57. Kc4 Kf5 58. Rc7 Ra8 59. Kb4 Ra6 60. Rb7 {etc.}) 48.
Kd3 $1 (48. a6 $2 {blows the win:} Ra7 49. Ra5 Kxe6 50. Kd4 Kd6 51. Kc4 Kc7 $1
(51... g5 52. Kb4 g4 53. Ra4 h5 54. Ka5 Kc5 55. Rf4 $18) 52. Kc5 g5 {and the
advancing kingside pawns will deflect the white rook from the protection of
the a6-pawn.}) ({It's unnecessary to allow} 48. Kd4 Rb2) 48... Rb1 (48... Rb2
49. Re2) 49. Kc2 Ra1 50. Kb2 Ra4 51. Kb3 Ra1 52. Kb2 Ra4 53. Kb3 Ra1 54. c4 h6
55. Kb4 g5 56. Re3 $1 {Anish demonstrates the winning plan.} c5+ (56... g4 57.
Ra3 c5+ 58. Ka4 Rb1 59. a6) 57. Kb5 g4 58. h3 (58. a6 h5 59. Kb6 h4 60. a7 Ra2
61. Re4 g3 62. hxg3 hxg3 63. Rg4 g2 64. Rxg2) 58... gxh3 59. Rxh3 Kxe6 60.
Rxh6+ Kd7 61. a6 $1 {Anish prepares an elegant finish, but it's not the only
way.} ({The notoriouis f+h pawns ending with the defender's king cut off on
the back rank,} 61. Kb6 Rb1+ 62. Kxc5 Kc7 63. Rh7+ Kb8 64. Kc6 Ra1 65. c5 {
is theoretically winning.}) 61... Kc7 62. Rh8 $1 Kd6 (62... Ra2 63. a7 Rxa7 64.
Rh7+ Kb8 65. Rxa7 Kxa7 66. Kxc5 Kb7 67. Kd6 {is the point.}) 63. a7 Rxa7 64.
Rh6+ Ke5 65. Kxc5 Ra8 66. Kb6 1-0

[Event "NED-ch rapid"]
[Site "Amstelveen"]
[Date "2017.12.02"]
[Round "1"]
[White "Giri, Anish"]
[Black "Van den Doel, Erik"]
[Result "1-0"]
[WhiteElo "2752"]
[BlackElo "2589"]
[PlyCount "139"]
[EventDate "2017.12.02"]
[EventType "tourn (rapid)"]
[EventRounds "7"]
[EventCountry "NED"]
[EventCategory "15"]
[SourceTitle "CBM 181 Extra"]
[Source "ChessBase"]
[SourceDate "2017.12.12"]
[SourceVersion "1"]
[SourceVersionDate "2017.12.12"]
[SourceQuality "1"]

1. Nf3 d5 2. g3 Bg4 3. Bg2 Nd7 4. O-O e6 5. h3 Bh5 6. d3 Bd6 7. Nbd2 Ne7 8. e4
O-O 9. b3 c5 10. Bb2 Nc6 11. Re1 a5 12. a4 Be5 13. Bxe5 Ndxe5 14. exd5 Nxf3+
15. Nxf3 exd5 16. g4 Bg6 17. Ne5 Qd6 18. Nxc6 bxc6 19. Qe2 Rab8 20. Qe7 Qxe7
21. Rxe7 Rfe8 22. Ra7 Ra8 23. Rxa8 Rxa8 24. Re1 Kf8 25. f4 f6 26. Kf2 Re8 27.
Rg1 Ke7 28. h4 Kd6 29. Bf3 Bf7 30. g5 f5 31. h5 Re7 32. Rh1 Be8 33. h6 g6 34.
Be2 Bf7 35. Rh3 Re8 36. Rf3 d4 37. Ke1 Bd5 38. Rg3 Re7 39. Kd2 Re8 40. Bd1 Re7
41. Be2 Re8 42. Bf1 Re7 43. Bh3 Re8 44. Bf1 Re7 45. Be2 Re8 46. Bd1 Re7 47. Rg1
Re8 48. Re1 Rxe1 49. Kxe1 Ke7 50. Kd2 Kd6 51. Kc1 Kc7 52. Kb2 Kb6 53. c3 Kc7
54. Ka3 dxc3 55. Ka2 c2 56. Bxc2 Bf3 57. Kb2 Kd6 58. d4 Bg4 59. Kc3 Kd5 60.
dxc5 Kxc5 61. Bd3 Kd5 62. b4 axb4+ 63. Kxb4 Kd4 64. Bc4 c5+ 65. Kb5 Bf3 66. a5
Bg2 67. a6 Bf3 68. a7 Bg2 69. Bg8 Bf3 70. Bxh7 1-0

[Event "NED-ch rapid"]
[Site "Amstelveen"]
[Date "2017.12.02"]
[Round "3"]
[White "Giri, Anish"]
[Black "Bok, Benjamin"]
[Result "1/2-1/2"]
[WhiteElo "2752"]
[BlackElo "2601"]
[PlyCount "98"]
[EventDate "2017.12.02"]
[EventType "tourn (rapid)"]
[EventRounds "7"]
[EventCountry "NED"]
[EventCategory "15"]
[SourceTitle "CBM 181 Extra"]
[Source "ChessBase"]
[SourceDate "2017.12.12"]
[SourceVersion "1"]
[SourceVersionDate "2017.12.12"]
[SourceQuality "1"]

1. e4 e5 2. Nf3 Nc6 3. Bb5 Nf6 4. d3 Bc5 5. Bxc6 dxc6 6. Nbd2 Be6 7. O-O Nd7 8.
Nb3 Bb6 9. Ng5 Bxb3 10. axb3 f6 11. Nf3 O-O 12. Nh4 Nc5 13. g3 Qd7 14. Be3 Ne6
15. Nf5 g6 16. Bxb6 axb6 17. Rxa8 Rxa8 18. Ne3 b5 19. Kh1 Qd6 20. Qg4 Ng7 21.
f4 exf4 22. gxf4 Qd4 23. Qh3 f5 24. exf5 Nxf5 25. Nxf5 Qd5+ 26. Kg1 Qxf5 27.
Qxf5 gxf5 28. Kf2 Kf7 29. Re1 Ra2 30. Ke3 Rxb2 31. Kd2 Ra2 32. Re5 Kf6 33. Re8
b6 34. Rf8+ Kg6 35. Rg8+ Kf6 36. Rc8 Ra7 37. d4 c5 38. d5 Ke7 39. Rh8 Kd6 40.
Rxh7 Ra8 41. Rh5 Rg8 42. Rxf5 Rg2+ 43. Kd3 Rxh2 44. Rf6+ Kd7 45. Rf7+ Kd6 46.
Rf6+ Kd7 47. Rg6 Rf2 48. Rg7+ Kd6 49. Rg6+ Kd7 1/2-1/2

[Event "NED-ch rapid"]
[Site "Amstelveen"]
[Date "2017.12.02"]
[Round "4"]
[White "Van Foreest, Jorden"]
[Black "Giri, Anish"]
[Result "1-0"]
[WhiteElo "2629"]
[BlackElo "2752"]
[PlyCount "57"]
[EventDate "2017.12.02"]
[EventType "tourn (rapid)"]
[EventRounds "7"]
[EventCountry "NED"]
[EventCategory "15"]
[SourceTitle "CBM 181 Extra"]
[Source "ChessBase"]
[SourceDate "2017.12.12"]
[SourceVersion "1"]
[SourceVersionDate "2017.12.12"]
[SourceQuality "1"]

1. e4 e5 2. Nf3 Nc6 3. Nc3 Nf6 4. Be2 d5 5. exd5 Nxd5 6. O-O Nxc3 7. bxc3 e4 8.
Ne1 Bd6 9. f3 f5 10. fxe4 fxe4 11. Rb1 Qe7 12. d4 exd3 13. cxd3 Bd7 14. Rxb7
O-O-O 15. Rb2 Ba3 16. d4 Rde8 17. Ba6+ Kd8 18. Re2 Qd6 19. Bg5+ Ne7 20. Bc4 h6
21. Bh4 g5 22. Bg3 Qc6 23. Qb3 Bd6 24. Nd3 Bxg3 25. hxg3 Ng6 26. Qb8+ Bc8 27.
Bb5 Qxc3 28. Rxe8+ Rxe8 29. Bxe8 1-0

[Event "NED-ch rapid"]
[Site "Amstelveen"]
[Date "2017.12.03"]
[Round "5"]
[White "Giri, Anish"]
[Black "Smeets, Jan"]
[Result "1-0"]
[WhiteElo "2752"]
[BlackElo "2608"]
[PlyCount "89"]
[EventDate "2017.12.02"]
[EventType "tourn (rapid)"]
[EventRounds "7"]
[EventCountry "NED"]
[EventCategory "15"]
[SourceTitle "CBM 181 Extra"]
[Source "ChessBase"]
[SourceDate "2017.12.12"]
[SourceVersion "1"]
[SourceVersionDate "2017.12.12"]
[SourceQuality "1"]

1. e4 e5 2. Nf3 Nc6 3. Bb5 a6 4. Ba4 Nf6 5. O-O Nxe4 6. d4 b5 7. Bb3 d5 8. dxe5
Be6 9. Qe2 Nc5 10. Rd1 Nxb3 11. axb3 Qc8 12. c4 dxc4 13. bxc4 Bxc4 14. Qe4 Qe6
15. Nd4 Qd5 16. Qxd5 Bxd5 17. Nxb5 O-O-O 18. Rxa6 Kb7 19. Ra1 Be7 20. Bf4 g5
21. Be3 Bc4 22. N1a3 Bb3 23. Rdc1 Rd7 24. Rc3 Bd5 25. Rac1 Rc8 26. Bc5 Bd8 27.
Re1 Be6 28. Nc4 Bxc4 29. Rxc4 Nxe5 30. Rd4 Bf6 31. Rxe5 Rxd4 32. Bxd4 Bxe5 33.
Bxe5 Re8 34. Bc3 Kc6 35. Nd4+ Kd5 36. f3 c5 37. Nf5 Re2 38. Kf1 Re6 39. Kf2 h5
40. h4 gxh4 41. Nxh4 Rb6 42. Kg3 Ke6 43. Kf4 f6 44. Nf5 Kf7 45. Ng3 1-0

[Event "NED-ch rapid"]
[Site "Amstelveen"]
[Date "2017.12.03"]
[Round "6"]
[White "Sokolov, Ivan"]
[Black "Giri, Anish"]
[Result "0-1"]
[WhiteElo "2589"]
[BlackElo "2752"]
[PlyCount "120"]
[EventDate "2017.12.02"]
[EventType "tourn (rapid)"]
[EventRounds "7"]
[EventCountry "NED"]
[EventCategory "15"]
[SourceTitle "CBM 181 Extra"]
[Source "ChessBase"]
[SourceDate "2017.12.12"]
[SourceVersion "1"]
[SourceVersionDate "2017.12.12"]
[SourceQuality "1"]

1. d4 Nf6 2. c4 e6 3. Nf3 d5 4. Nc3 Bb4 5. e3 O-O 6. Bd2 b6 7. a3 Bd6 8. Qc2 c5
9. Be2 Bb7 10. cxd5 exd5 11. O-O Nbd7 12. dxc5 bxc5 13. b4 Rc8 14. bxc5 Nxc5
15. Nb5 Bb8 16. Bb4 Nfe4 17. Qb2 Qb6 18. Rfc1 Rfe8 19. a4 Ba6 20. Be1 h6 21.
Qa2 Qe6 22. Nbd4 Qd6 23. Nb5 Qd7 24. Rc2 Ne6 25. Rd1 Rxc2 26. Qxc2 N6g5 27. Qa2
Nf6 28. Bc3 Nge4 29. Be1 Rc8 30. h3 Qe7 31. Qb2 Qd7 32. Rc1 Rxc1 33. Qxc1 Qc8
34. Qb2 Qb7 35. Nfd4 Be5 36. Qc2 Bxb5 37. axb5 Bc7 38. Qc6 Qb8 39. Nf5 Qd8 40.
Bb4 Ba5 41. Be7 Qc7 42. f3 Qxc6 43. bxc6 Nc3 44. Bd3 Ne8 45. Kf2 h5 46. Bc5 Bb6
47. Bb4 Na2 48. Bd2 Bc5 49. Ba5 g6 50. Nd4 Nb4 51. c7 Nxd3+ 52. Ke2 Nc1+ 53.
Kd1 Nxc7 54. Bxc7 Bxd4 55. exd4 Nb3 56. Be5 Kf8 57. Kc2 Na5 58. g4 Ke7 59. g5
Ke6 60. h4 Nc4 0-1

[Event "NED-ch rapid"]
[Site "Amstelveen"]
[Date "2017.12.03"]
[Round "7"]
[White "Giri, Anish"]
[Black "Van Wely, Loek"]
[Result "1/2-1/2"]
[WhiteElo "2752"]
[BlackElo "2657"]
[PlyCount "68"]
[EventDate "2017.12.02"]
[EventType "tourn (rapid)"]
[EventRounds "7"]
[EventCountry "NED"]
[EventCategory "15"]
[SourceTitle "CBM 181 Extra"]
[Source "ChessBase"]
[SourceDate "2017.12.12"]
[SourceVersion "1"]
[SourceVersionDate "2017.12.12"]
[SourceQuality "1"]

1. e4 c5 2. Nf3 e6 3. d4 cxd4 4. Nxd4 Nc6 5. Nc3 d6 6. Be3 Nf6 7. Qd2 Be7 8. f3
O-O 9. O-O-O d5 10. Be2 a6 11. Kb1 Qc7 12. exd5 Nxd5 13. Nxd5 exd5 14. Nb3 Rd8
15. Bg5 d4 16. h4 Be6 17. Bd3 a5 18. Bxe7 Qxe7 19. a3 a4 20. Nc1 b5 21. Be4 Qc5
22. Bxc6 Qxc6 23. Nd3 Qc4 24. Nb4 Rac8 25. h5 h6 26. g4 f6 27. Rhe1 Kh8 28. Re4
Bg8 29. Rxd4 Rxd4 30. Qxd4 Qe2 31. Qd3 Bc4 32. Qd7 Be6 33. Qd3 Bc4 34. Qd7 Be6
1/2-1/2

[Event "Bhopal op"]
[Site "Bhopal"]
[Date "2017.12.21"]
[Round "1"]
[White "Girish, A Koushnik"]
[Black "Karthik, Sai Ch"]
[Result "1-0"]
[WhiteElo "2412"]
[BlackElo "1707"]
[PlyCount "81"]
[EventDate "2017.12.21"]
[EventType "swiss"]
[EventRounds "10"]
[EventCountry "IND"]
[SourceTitle "CBM 182 Extra"]
[Source "ChessBase"]
[SourceDate "2018.02.23"]
[SourceVersion "1"]
[SourceVersionDate "2018.02.23"]
[SourceQuality "1"]

1. Nf3 d5 2. c4 c6 3. b3 Bf5 4. Bb2 e6 5. g3 Nf6 6. Bg2 Be7 7. O-O O-O 8. d3
Nbd7 9. Nbd2 a5 10. Nh4 Bg4 11. h3 Bh5 12. g4 Ne8 13. Nf5 exf5 14. gxh5 Bf6 15.
d4 Nc7 16. Qc2 g6 17. e3 Bg7 18. cxd5 Nxd5 19. Nf3 a4 20. Kh1 N7f6 21. hxg6
hxg6 22. Ne5 Nd7 23. Rad1 axb3 24. Qxb3 N7b6 25. Ba3 Re8 26. Bc5 Nd7 27. Qxb7
Nxe5 28. dxe5 Rc8 29. f4 Qa5 30. Bd4 Qxa2 31. Ra1 Qc4 32. Rfc1 Qd3 33. Bxd5 Rf8
34. Rxc6 Rb8 35. Qa6 Rb1+ 36. Rxb1 Qxb1+ 37. Kh2 Qe1 38. Rxg6 Rd8 39. Bxf7+ Kh7
40. Rh6+ Bxh6 41. Qg6+ 1-0

[Event "Bhopal op"]
[Site "Bhopal"]
[Date "2017.12.22"]
[Round "2"]
[White "Pranesh, M."]
[Black "Girish, A Koushnik"]
[Result "1/2-1/2"]
[WhiteElo "1977"]
[BlackElo "2412"]
[PlyCount "180"]
[EventDate "2017.12.21"]
[EventType "swiss"]
[EventRounds "10"]
[EventCountry "IND"]
[SourceTitle "CBM 182 Extra"]
[Source "ChessBase"]
[SourceDate "2018.02.23"]
[SourceVersion "1"]
[SourceVersionDate "2018.02.23"]
[SourceQuality "1"]

1. e4 e5 2. Nf3 Nc6 3. Bb5 a6 4. Bxc6 dxc6 5. h3 f6 6. O-O Ne7 7. d4 exd4 8.
Nxd4 c5 9. Nf3 Qxd1 10. Rxd1 Ng6 11. Be3 Bd7 12. Nbd2 O-O-O 13. Ne1 Bc6 14. f3
Ne5 15. Bf4 Bd6 16. Bxe5 Bxe5 17. Nd3 Bd4+ 18. Kh1 b6 19. Rab1 Be3 20. Nf1 Bh6
21. Ng3 g6 22. Ne2 a5 23. Ndf4 Rhe8 24. c4 f5 25. exf5 gxf5 26. Kg1 a4 27. Kf1
Bg7 28. b3 a3 29. Rxd8+ Kxd8 30. Rd1+ Kc8 31. Nd5 Be5 32. Rd3 b5 33. Ne3 Rf8
34. cxb5 Bxb5 35. Nc4 Bb2 36. Nc3 Ba6 37. Ke2 h5 38. Nd5 Bd4 39. Kd1 Rf7 40.
Nf4 h4 41. Ne6 Re7 42. Nf4 Bf2 43. Rd2 Re1+ 44. Kc2 Ra1 45. Kd3 Bd4 46. Ne6 Bb2
47. Nxc5 Bb5 48. Na4 Rxa2 49. Ke2 Ra1 50. Naxb2 a2 51. Nd1 f4 52. Kf2 Bxc4 53.
bxc4 Kb7 54. Ke2 Kc6 55. Kd3 Rc1 56. Rxa2 Rxd1+ 57. Ke4 Kc5 58. Kxf4 Rd4+ 59.
Kg5 Rxc4 60. f4 Kd6 61. Kxh4 Rxf4+ 62. Kg5 Re4 63. g4 c5 64. h4 c4 65. Rc2 Ke6
66. h5 Kf7 67. Kf5 Rd4 68. Ra2 Rd5+ 69. Ke4 Rg5 70. Rg2 c3 71. Kd3 Rc5 72. Kc2
Kg7 73. g5 Rc4 74. h6+ Kg6 75. Rg3 Rc5 76. Rh3 Rc8 77. Rxc3 Rf8 78. Rg3 Rd8 79.
Kc3 Rd7 80. Kc4 Rd8 81. Kc5 Rd1 82. Kc6 Rd2 83. Rh3 Rd8 84. Kc7 Rh8 85. Kd6
Kxg5 86. h7 Kf6 87. Rh2 Kg7 88. Ke7 Rxh7 89. Rg2+ Kh8+ 90. Kf8 Rh3 1/2-1/2